书目信息 |
| 题名: |
苏格拉底问题与现代性
|
|
| 作者: | 施特劳斯 著 ;刘小枫 , 刘振 , 彭磊 编 | |
| 分册: | 卷二 | |
| 出版信息: | 北京 华夏出版社 2016.10 |
|
| 页数: | 518页 | |
| 开本: | 22cm | |
| 丛书名: | 西方传统 经典与解释 | |
| 单 册: | ||
| 中图分类: | B502.231 | |
| 科图分类: | ||
| 主题词: | ||
| 电子资源: | ||
| ISBN: | 978-7-5080-8934-8 | |
| 000 | 01385oam2 2200337 450 | |
| 001 | 0120141391231 | |
| 005 | 20170911090538.60 | |
| 010 | @a978-7-5080-8934-8@b精装@dCNY89.00 | |
| 100 | @a20160921d2016 em y0chiy50 ea | |
| 101 | 1 | @achi@ceng |
| 102 | @aCN@b110000 | |
| 105 | @ay z 000yy | |
| 106 | @ar | |
| 200 | 1 | @a苏格拉底问题与现代性@9su ge la di wen ti yu xian dai xing@e施特劳斯讲演与论文集@h卷二@f(美)列奥·施特劳斯(Leo Strauss)著@g刘小枫编@g刘振,彭磊等译 |
| 205 | @a增订本 | |
| 210 | @a北京@c华夏出版社@d2016.10 | |
| 215 | @a518页@d22cm | |
| 225 | 2 | @a西方传统 经典与解释@i施特劳斯集 |
| 304 | @a英文共同题名:Essays & lectures on the problem of Socrates and modernity | |
| 330 | @a本书按年代编排,主要内容包括:斯巴达精神或色诺芬的品味、“显白的教诲”写作计划、德国战后哲学的现存问题、德国虚无主义、我们能够从政治理论中学到什么、论卢梭的意图等。 | |
| 333 | @a哲学思想研究者 | |
| 462 | 0 | @12001 @a西方传统 经典与解释@i施特劳斯集 |
| 517 | 1 | @a施特劳斯讲演与论文集@9shi te lao si jiang yan yu lun wen ji |
| 600 | 0 | @a苏格拉底@c(Socrates@f前469-前399)@x哲学思想@x思想评论 |
| 690 | @aB502.231@v5 | |
| 701 | 0 | @c(美)@a施特劳斯@9shi te lao si@c(Strauss, Leo)@4著 |
| 702 | 0 | @a刘小枫@9liu xiao feng@4编 |
| 702 | 0 | @a刘振@9liu zhen@4译 |
| 702 | 0 | @a彭磊@9peng lei@4译 |
| 801 | 0 | @aCN@b人天书店@c20160921 |
| 905 | @b1073520-25@dB502.231@e102:2=2@f6 | |
| 苏格拉底问题与现代性:施特劳斯讲演与论文集.卷二/(美)列奥·施特劳斯(Leo Strauss)著/刘小枫编/刘振,彭磊等译.-增订本.-北京:华夏出版社,2016.10 |
| 518页;22cm.-(西方传统 经典与解释.施特劳斯集) |
| 使用对象:哲学思想研究者 |
| ISBN 978-7-5080-8934-8(精装):CNY89.00 |
| 本书按年代编排,主要内容包括:斯巴达精神或色诺芬的品味、“显白的教诲”写作计划、德国战后哲学的现存问题、德国虚无主义、我们能够从政治理论中学到什么、论卢梭的意图等。 |
| ● |
| 相关链接 |
|
|
|
|
正题名:苏格拉底问题与现代性
索取号:B502.231/102:2=2
 
预约/预借
| 序号 | 登录号 | 条形码 | 馆藏地/架位号 | 状态 | 备注 |
| 1 | 1073520 | 210735203 | 第一样本阅览室/ [索取号:B502.231/102:2=2] | 在馆 | |
| 2 | 1073521 | 210735212 | 第一借阅区/ [索取号:B502.231/102:2=2] | 在馆 | |
| 3 | 1073522 | 210735221 | 第一借阅区/ [索取号:B502.231/102:2=2] | 在馆 | |
| 4 | 1073523 | 210735230 | 密集书库-马院/ [索取号:B502.231/102:2=2] | 在馆 | |
| 5 | 1073524 | 210735249 | 第一借阅区/ [索取号:B502.231/102:2=2] | 在馆 | |
| 6 | 1073525 | 210735258 | 第一借阅区/ [索取号:B502.231/102:2=2] | 在馆 |